000 00764nam a2200217Ia 4500
001 15740
003 GE_BSU
008 181216s||||||||xx |||||||||||||| ||und||
040 _cGE_BSU
100 _aხალვაში, ფრიდონ
245 _aყველაზე ახლობელი
245 _bლექსები და პოემები
245 _cრედ.ა.შონია. მხ.მ.ჩარგეიშვილი
260 _aბათუმი
260 _bსახელგამი
260 _c1955
300 _a254,[6]გვ. : 1ფ. პორტრ. ; 19სმ
653 _aლექსები და პოემები
653 _aყველაზე ახლობელი
942 _cBK
999 _c48838
_d48838